Géométrie des groupes de transformations
Saved in:
| Hovedforfatter: | |
|---|---|
| Format: | Bog |
| Sprog: | fransk |
| Udgivet: |
París
Dunod
1958
|
| Serier: | Travaux et Recherches Mathématiques
|
| Fag: | |
| Tags: |
Tilføj Tag
Ingen Tags, Vær først til at tagge denne postø!
|
MARC
| LEADER | 00000nam a2200000 a 4500 | ||
|---|---|---|---|
| 001 | UCP3057 | ||
| 003 | CL-VaPUC | ||
| 008 | 990604e19580000FR |||||||||||||||||fre|d | ||
| 082 | 0 | 4 | |a 516.373 |b LIC |2 21 |
| 100 | |a Lichnerowicz, André |e author |9 536971 | ||
| 245 | 1 | 0 | |a Géométrie des groupes de transformations |
| 300 | |a 193 p | ||
| 942 | |c BK | ||
| 945 | |d 19990604 00:00:00 |a crobeson | ||
| 260 | |a París |b Dunod |c 1958 | ||
| 650 | 0 | |a Geometría de Riemann |9 427815 | |
| 650 | 7 | |a GEOMETRIA DE TRANSFORMACIONES |2 CL-VaPUC |9 423753 | |
| 583 | |a last modification |c 19990604 00:00:00 |k Rodrigo Vera | ||
| 490 | 0 | |a Travaux et Recherches Mathématiques | |
| 999 | |c 281497 |d 281495 | ||
| 952 | |0 0 |1 0 |4 0 |6 516_373000000000000_LIC_1958 |7 0 |8 A |9 322253 |a BIBMAT |b BIBMAT |d 2019-11-20 |i 1347802 |o 516.373 LIC 1958 |p 1347802 |r 2025-01-07 |w 2019-11-20 |y BK |k MAT | ||